书目信息 |
| 题名: |
唐顺之
|
|
| 作者: | 孙彦 , 周群 著 | |
| 分册: | ||
| 出版信息: | 西安 陕西师范大学出版总社 2017 |
|
| 页数: | 154页 | |
| 开本: | 24cm | |
| 丛书名: | “大家精要”丛书 | |
| 单 册: | ||
| 中图分类: | K825.6=48 | |
| 科图分类: | ||
| 主题词: | 作家--人物研究--中国--明代 | |
| 电子资源: | ||
| ISBN: | 978-7-5613-9303-1 | |
| 000 | 00927oam2 2200277 450 | |
| 001 | 2186 | |
| 005 | 20180522171924.44 | |
| 010 | @a978-7-5613-9303-1@dCNY20.00 | |
| 100 | @a20180217d2017 em y0chiy50 ea | |
| 101 | 0 | @achi |
| 102 | @aCN@b610000 | |
| 105 | @ay z 000yd | |
| 200 | 1 | @a唐顺之@9tang shun zhi@f孙彦,周群著 |
| 210 | @a西安@c陕西师范大学出版总社@d2017 | |
| 215 | @a154页@d24cm | |
| 225 | 1 | @a“大家精要”丛书@i中国人物@i唐 |
| 330 | @a本书共分6章,介绍了明代著名文学家、思想家、军事家唐顺之的生平事迹和思想,内容包括求学应试、京师为官、家居岁月、学术思想、文学思想等。 | |
| 461 | 0 | @12001 @a“大家精要”丛书 |
| 462 | 0 | @12001 @a中国人物@a唐 |
| 606 | 0 | @a作家@x人物研究@y中国@z明代 |
| 610 | 0 | @a唐顺之(1507-1560) |
| 690 | @aK825.6=48@v5 | |
| 701 | 0 | @a孙彦@9sun yan@c(女,@f1979~)@4著 |
| 701 | 0 | @a周群@9zhou qun@f(1958.7~)@4著 |
| 801 | 0 | @aCN@b91MARC@c20180217 |
| 905 | @aMuseLib@dK825.6=48@e1090 | |
| 唐顺之/孙彦,周群著.-西安:陕西师范大学出版总社,2017 |
| 154页;24cm.-(“大家精要”丛书.中国人物.唐) |
| ISBN 978-7-5613-9303-1:CNY20.00 |
| 本书共分6章,介绍了明代著名文学家、思想家、军事家唐顺之的生平事迹和思想,内容包括求学应试、京师为官、家居岁月、学术思想、文学思想等。 |
| ● |
| 相关链接 |
|
|
|
|
正题名:唐顺之
索取号:K825.6=48/1090
 
预约/预借
| 序号 | 登录号 | 条形码 | 馆藏地/架位号 | 状态 | 备注 |
| 1 | 1108301 | 211083012 | 第二样本阅览室/ [索取号:K825.6=48/1090] | 在馆 | |
| 2 | 1108302 | 211083021 | 教育系资料室/ [索取号:K825.6=48/1090] | 在馆 | |
| 3 | 1108303 | 211083030 | 教育系资料室/ [索取号:K825.6=48/1090] | 在馆 | |
| 4 | 1108304 | 211083049 | 第二借阅区/ [索取号:K825.6=48/1090] | 在馆 |